| 000 | 00782nam a2200241 i 4500 | ||
|---|---|---|---|
| 001 | 24788 | ||
| 003 | BD-RjUL | ||
| 005 | 20211209001111.0 | ||
| 008 | 140315s1925 enkfc 001 0beng d | ||
| 035 | _a(BD-RjUL)24857 | ||
| 040 |
_aBD-RjUL _beng _cBD-RjUL _dBD-RjUL |
||
| 041 | _aeng | ||
| 082 |
_a942.082 _bMOJ |
||
| 100 | 1 |
_aMorgan, J. H. _q(John Hartman), _d1876-1955. _976311 |
|
| 245 | 1 | 0 |
_aJohn, viscount Morley : _ban appreciation with some reminiscences / _cby John H. Morgan. |
| 250 | _a2nd ed. | ||
| 260 |
_aLondon : _bJ. Murray, _c1925. |
||
| 300 |
_axiii, 215 p. : _bfront. (port.) ; _c23 cm. |
||
| 500 | _a"With photogravure frontispiece". | ||
| 504 | _aIncludes bibliographical references and index. | ||
| 600 | 1 | 0 |
_aMorley, John, _d1838-1923. _972350 |
| 942 |
_2ddc _cBK |
||
| 999 |
_c24788 _d24788 |
||